Strindberg's Master Olof and Shakespeare.

Bibliographic Details
Main Author: Andersson, Hans, 1918-
Format: Book
Language:English
Published: Uppsala : Cambridge : Lundequistska bokhandeln; Harvard University Press, [1952]
Series:Essays and studies on English language and literature, 11
Subjects:

MARC

Tag First Indicator Second Indicator Subfields
LEADER 00000cam a2200000 4500
001 in00000031754
005 20151217134940.0
008 720309s1952 sw b 00000 eng u
010 |a  54001389  
035 |a (OCoLC)00260247 
035 |9 AAD6562AM 
040 |c DAY  |d TXA  |d UtOrBLW 
049 |a TXAM  |c [213764] 
050 0 |a PT9812.M32  |b A6 
092 |a 839.72  |b S918Ya 
100 1 |a Andersson, Hans,  |d 1918- 
245 1 0 |a Strindberg's Master Olof and Shakespeare. 
264 1 |a Uppsala :  |b Lundequistska bokhandeln;  |a Cambridge :  |b Harvard University Press,  |c [1952] 
300 |a 63 pages ;  |c 24 cm. 
336 |a text  |b txt  |2 rdacontent 
337 |a unmediated  |b n  |2 rdamedia 
338 |a volume  |b nc  |2 rdacarrier 
490 0 |a Essays and studies on English language and literature, 11 
500 |a Includes bibliography. 
600 1 0 |a Strindberg, August,  |d 1849-1912.  |t Master Olof. 
600 1 0 |a Shakespeare, William,  |d 1564-1616. 
999 |a MARS 
999 f f |s 64e1fc2d-1163-30a0-b349-f3ce5c2cd986  |i a005b8b7-7917-38ea-932b-c9669b06ea15  |t 0 
952 f f |p normal  |a Texas A&M University  |b College Station  |c Sterling C. Evans Library  |d Evans: Library Stacks  |t 0  |e PT9812.M32 A6  |h Library of Congress classification  |i unmediated -- volume  |m A14801360395 
998 f f |a PT9812.M32 A6  |t 0  |l Evans: Library Stacks